| 000 | 00527nam#a2200193#c#4500 | ||
|---|---|---|---|
| 003 | IEF | ||
| 005 | 20180219154518.0 | ||
| 008 | 941205s1967 uuu####fr####| 0||u| |u | ||
| 040 | _aIEF | ||
| 100 | 1 |
_aCameron, Rondo E. _98610 |
|
| 245 | _aLa banca en las primeras etapas de la industrialización : un estudio de historia económica comparada | ||
| 260 |
_aMadrid _b Tecnos _c1967 |
||
| 300 |
_a366 p. _c 24 cm. |
||
| 650 | 4 |
_aHISTORIA _945399 |
|
| 650 | 4 |
_aBANCOS _932280 |
|
| 942 | _cLIB | ||
| 942 | _z24829 | ||
| 999 |
_c41093 _d41093 |
||